Το Βατερλώ δύο γελοίων

Αποθηκεύτηκε σε:
Λεπτομέρειες βιβλιογραφικής εγγραφής
Κύριος συγγραφέας: Σκαρίμπας, Γιάννης, 1893-1984
Μορφή: Βιβλίο
Γλώσσα:Greek
Δημοσίευση: Αθήνα : Νεφέλη, 1994.
Σειρά:Άπαντα Γιάννη Σκαρίμπα ; 4
Θέματα:
Ετικέτες: Προσθήκη ετικέτας
Δεν υπάρχουν, Καταχωρήστε ετικέτα πρώτοι!

MARC

LEADER 00000cam a2200000 a 4500
001 1/124868
008 220517s1994####gr | ||| |||| ||gre||
020 |a 9789602118924 
040 |a GR-MyUa  |b gre  |c GR-MyUa  |e AACR2 
041 0 |a gre 
082 7 |a 889.3   |2 (23) 
100 1 |a Σκαρίμπας, Γιάννης,   |d 1893-1984. 
245 1 3 |a Το Βατερλώ δύο γελοίων /   |c Γιάννης Σκαρίμπας. 
260 |a Αθήνα :   |b Νεφέλη,   |c 1994. 
300 |a 331 σ. ;   |c 21 εκ. 
490 1 |a (Άπαντα Γιάννη Σκαρίμπα ;   |v 4) 
650 0 |a Greek fiction 
830 0 |a Άπαντα Γιάννη Σκαρίμπα ;  |v 4 
970 |a Κοντού  |b Παρασκευή  |z 17/05/2022